[Event "Challenge"]
[Site "http://www.queenalice.com/game.php?id=819937"]
[Date "2010.8.18"]
[Round "-"]
[White "CHUVARJ"]
[Black "Guegoma"]
[Result "0-1"]
[WhiteElo "1199"]
[BlackElo "1295"]

1. g3 g5 2. b3 Bg7 3. Nc3 b5 4. Nxb5 Bxa1 5. Ba3 Bb7 6. Qxa1 f6 7. f4 a6 8. h4
Bxh1 9. fxg5 fxg5 10. Qxh8 Bd5 11. Qxh7 axb5 12. Qh5+ Bf7 13. Qxg5 e6 14. Qxb5
c6 15. Qb4 Qe7 16. Qf4 Qxa3 17. e4 Qc1+ 18. Ke2 Qxc2 19. Bh3 Qb1 20. Nf3 Qxa2
21. Ng5 Bg6 22. Bxe6 dxe6 23. Nxe6 Qa6+ 24. Kf3 Qf1+ 25. Kg4 Qd1+ 26. Kg5 Qh5#
0-1

[Event "Let's Play Chess!"]
[Site "http://www.queenalice.com/game.php?id=831800"]
[Date "2010.9.12"]
[Round "-"]
[White "CHUVARJ"]
[Black "cazzo"]
[Result "0-1"]
[WhiteElo "1201"]
[BlackElo "2217"]

1. g4 d5 2. Nf3 Bxg4 3. b4 Nf6 4. h3 Bxf3 5. exf3 e5 6. Bb5+ c6 7. Bd3 Bxb4 8.
Qe2 Nbd7 9. a3 Bd6 10. Rg1 Nc5 11. Bf5 g6 12. Bg4 e4 13. Bb2 O-O 14. Bd4 Re8 15.
d3 exd3 16. Be3 dxe2 17. Kxe2 d4 18. f4 Bxf4 19. Kf3 dxe3 20. Kxf4 exf2 21. Rf1
g5+ 22. Kxg5 Nce4+ 23. Kf4 Qd6+ 24. Ke3 Ng5+ 25. Kxf2 Qh2# 0-1

[Event "Challenge"]
[Site "http://www.queenalice.com/game.php?id=836610"]
[Date "2010.9.23"]
[Round "-"]
[White "pedroingles"]
[Black "CHUVARJ"]
[Result "1-0"]
[WhiteElo "1883"]
[BlackElo "1174"]

1. d4 Nc6 2. c4 e6 3. e4 Bb4+ 4. Nc3 Ba5 5. Bd2 Nxd4 6. Bd3 d6 7. Nf3 e5 8. O-O
Nf6 9. Bg5 c6 10. Ne2 h6 11. Be3 Nxf3+ 12. gxf3 Bh3 13. Ng3 d5 14. Qb3 d4 15.
Bxh6 Rxh6 16. Rfd1 Nh5 17. Qxb7 Qc7 18. Qxa8+ Kd7 19. Nxh5 Rg6+ 20. Ng3 Qb6 21.
b3 Rf6 22. Qh8 Rxf3 23. Qxh3+ Kc7 24. Qh5 Bc3 25. Rab1 Qa5 26. Qxf3 Qxa2 27.
Qxf7+ Kb6 28. Qxg7 a5 29. Qxe5 Bb2 30. Rd2 Qxb3 31. Rdxb2 Qxb2 32. Rxb2+ Ka6 33.
c5+ Ka7 34. Qc7+ Ka8 35. Rb8# 1-0

[Event "Challenge"]
[Site "http://www.queenalice.com/game.php?id=836611"]
[Date "2010.9.23"]
[Round "-"]
[White "CHUVARJ"]
[Black "pedroingles"]
[Result "0-1"]
[WhiteElo "1187"]
[BlackElo "1875"]

1. g4 d5 2. Nc3 Bxg4 3. Bg2 e6 4. h3 Bh5 5. b3 Nf6 6. a4 Nc6 7. Ba3 Be7 8. f3
O-O 9. h4 Bd6 10. Rh3 Bxa3 11. Rxa3 Qd6 12. Nb5 Qe7 13. Rg3 a6 14. Nc3 Qxa3 15.
Nh3 Qd6 16. Rg5 h6 17. Rxh5 Nxh5 18. Nb5 axb5 19. Nf2 bxa4 20. Qa1 a3 21. Nd1 b5
22. Nc3 Qg3+ 23. Kf1 Nf4 24. Nxb5 Qxg2+ 25. Ke1 Qg1# 0-1

[Event "AUTO-BEG-435"]
[Site "http://www.queenalice.com/game.php?id=850937"]
[Date "2010.10.26"]
[Round "1"]
[White "h2go"]
[Black "CHUVARJ"]
[Result "1-0"]
[WhiteElo "1763"]
[BlackElo "1172"]

1. e4 h5 2. h4 Nf6 3. e5 Ne4 4. d4 f6 5. Bd3 d5 6. Bxe4 dxe4 7. exf6 gxf6 8. Nc3
Bg4 9. f3 Be6 10. fxe4 Bg4 11. Nf3 Rg8 12. Be3 Bd7 13. Ne5 Rxg2 14. Qxh5+ Rg6
15. Qxg6# 1-0

[Event "AUTO-BEG-435"]
[Site "http://www.queenalice.com/game.php?id=850940"]
[Date "2010.10.26"]
[Round "1"]
[White "CHUVARJ"]
[Black "Thatiana"]
[Result "1-0"]
[WhiteElo "1170"]
[BlackElo "1076"]

1. e3 e6 2. g3 f5 3. Nh3 a5 4. Nc3 Nc6 5. Be2 Nf6 6. Ng5 h5 7. h3 d5 8. Bb5 Be7
9. Ke2 Qd7 10. Rg1 b6 11. g4 O-O 12. gxh5 Nxh5 13. h4 Bb7 14. Ke1 g6 15. Nf3
Rae8 16. Ne5 Qd8 17. Nxg6 e5 18. Nxe5+ 1-0

[Event "AUTO-BEG-435"]
[Site "http://www.queenalice.com/game.php?id=850941"]
[Date "2010.10.26"]
[Round "1"]
[White "Thatiana"]
[Black "CHUVARJ"]
[Result "0-1"]
[WhiteElo "1064"]
[BlackElo "1182"]

1. d4 c6 2. c4 b5 3. b3 bxc4 4. bxc4 Nf6 5. f3 Qa5+ 6. Bd2 Qd8 7. f4 Ba6 8. e4
Nxe4 9. Nc3 Nd6 10. Nf3 Nxc4 11. Ne4 d5 12. Nfg5 dxe4 13. Be3 Nxe3 14. Qc1 Qa5+
15. Kf2 Nf5 16. Be2 Nxd4 17. Bf1 e6 0-1

[Event "Challenge"]
[Site "http://www.queenalice.com/game.php?id=878933"]
[Date "2010.12.30"]
[Round "-"]
[White "CHUVARJ"]
[Black "lgraham"]
[Result "0-1"]
[WhiteElo "1213"]
[BlackElo "1394"]

1. b3 e5 2. a4 d5 3. Nc3 d4 4. Nb1 Nf6 5. Nf3 Nc6 6. Ba3 Bd6 7. e3 Bf5 8. Bd3 e4
9. Nxd4 Nxd4 10. exd4 exd3 11. cxd3 Bxa3 12. Rxa3 Qxd4 13. Qc2 Bxd3 14. Qxc7
Qe4+ 15. Kd1 Qe2+ 16. Kc1 O-O 17. Qxb7 Rfc8+ 18. Kb2 Qe5+ 19. Ka2 Rc2# 0-1

[Event "Challenge"]
[Site "http://www.queenalice.com/game.php?id=904388"]
[Date "2011.2.23"]
[Round "-"]
[White "CHUVARJ"]
[Black "QueChavez"]
[Result "1-0"]
[WhiteElo "1204"]
[BlackElo "975"]

1. g3 g5 2. b3 b5 3. Nh3 e6 4. Bb2 g4 5. Ng1 d6 6. Bxh8 Ne7 7. Bc3 Bb7 8. h3
Bxh1 9. f3 gxf3 10. exf3 Nf5 11. g4 Qh4+ 12. Ke2 Ng3+ 13. Ke3 Bh6+ 14. Kf2 Nxf1+
15. Kxf1 Qg3 16. Qe2 Bg2+ 17. Qxg2 Qe5 18. Bxe5 Nc6 19. Bc3 b4 20. Bd4 Nxd4 21.
c4 O-O-O 22. a3 d5 23. axb4 Nxb3 24. Rxa7 Kb8 25. Ra3 Nd4 26. Qg3 dxc4 27. Qh4
c3 28. Qxd8+ Kb7 29. Qxd4 c2 30. Rc3 c1=Q+ 31. Rxc1 Bf8 32. Qd7 Bxb4 33. Rxc7+
Ka6 34. Qxf7 Bxd2 35. Nxd2 e5 36. Qe6+ Kb5 37. Rb7+ Ka4 38. Qa2# 1-0

[Event "Challenge"]
[Site "http://www.queenalice.com/game.php?id=915996"]
[Date "2011.3.22"]
[Round "-"]
[White "CHUVARJ"]
[Black "QueChavez"]
[Result "1-0"]
[WhiteElo "1211"]
[BlackElo "930"]

1. g3 b6 2. Nf3 Nc6 3. g4 Nf6 4. h3 g6 5. a4 Bh6 6. g5 Bg7 7. Ra3 Nd5 8. Nc3 Ba6
9. Nxd5 e6 10. Re3 Nb4 11. Nxb4 Bc4 12. h4 Qe7 13. c3 h6 14. d3 Ba6 15. Nxa6 f5
16. Nxc7+ Kd8 17. Nxa8 hxg5 18. Nxg5 Qc5 19. Nf7+ Ke7 20. Nxh8 Bxh8 21. h5 g5
22. d4 Qc8 23. Nxb6 Qa6 24. Nxd7 Kxd7 25. h6 Qb7 26. Rh5 f4 27. Rf3 g4 28. Rxf4
Qc8 29. Rxg4 Qe8 30. Re5 Ke7 31. Bg5+ Kf8 32. Rf4+ Kg8 33. Bh3 Qh5 34. Bxe6+ Kh7
35. Rf7+ Bg7 36. Bf5+ Kg8 37. Rxa7 Qh1+ 38. Kd2 Qg2 39. Re8+ Bf8 40. Bh7+ Kh8
41. Rxf8# 1-0

[Event "Challenge"]
[Site "http://www.queenalice.com/game.php?id=917092"]
[Date "2011.3.25"]
[Round "-"]
[White "palergiuseppe"]
[Black "CHUVARJ"]
[Result "1-0"]
[WhiteElo "1325"]
[BlackElo "1216"]

1. e4 Nc6 2. Nf3 a5 3. Bb5 h6 4. Nc3 Nf6 5. Bc4 g5 6. O-O Nxe4 7. Nxe4 Rh7 8. d4
Rg7 9. d5 Nb4 10. c3 Na6 11. d6 cxd6 12. Be3 Qc7 13. Bb3 b5 14. Nd4 Qb6 15. Qh5
Rg6 16. Qg4 Bb7 17. Rfe1 b4 18. Ba4 Bg7 19. Qxd7+ Kf8 20. Ne6+ Rxe6 21. Bxb6
Bxe4 22. Qb7 Rb8 23. Qxa6 d5 24. Qxa5 Rbxb6 25. Qa8+ Rb8 26. Qxb8# 1-0

[Event "Challenge"]
[Site "http://www.queenalice.com/game.php?id=924709"]
[Date "2011.4.11"]
[Round "-"]
[White "CHUVARJ"]
[Black "QueChavez"]
[Result "0-1"]
[WhiteElo "1204"]
[BlackElo "889"]

1. h3 e5 2. Nf3 c5 3. Nxe5 d6 4. Nd3 Na6 5. g4 g5 6. Rh2 h6 7. Rg2 f6 8. Rg3 b6
9. c3 c4 10. Qa4+ Bd7 11. Qxc4 Rc8 12. Qxa6 Rc7 13. b4 Ne7 14. Re3 Qb8 15. b5
Rc4 16. Qa3 d5 17. Nb4 Bxb5 18. Nxd5 Ra4 19. Rxe7+ Kd8 20. Qb3 a6 21. Re6 Bc5
22. Rxf6 Re8 23. Rxh6 Rae4 24. Rxb6 Qe5 25. Bg2 Rxe2+ 26. Kd1 Bd3 27. c4 Re1#
0-1

[Event "Challenge"]
[Site "http://www.queenalice.com/game.php?id=936874"]
[Date "2011.5.11"]
[Round "-"]
[White "CHUVARJ"]
[Black "QueChavez"]
[Result "1-0"]
[WhiteElo "1204"]
[BlackElo "1103"]

1. e3 e6 2. g3 d5 3. h4 Qd6 4. Bb5+ c6 5. Bd3 g6 6. b3 Qe5 7. c3 b5 8. a4 h5 9.
axb5 cxb5 10. Bxb5+ Kd8 11. Nf3 a6 12. Nxe5 axb5 13. Nxf7+ Ke8 14. Nxh8 Rxa1 15.
Nxg6 Bc5 16. b4 Bd6 17. Qxh5 Rxb1 18. Ke2 Bb7 19. Qh8 Kd7 20. Qxg8 d4 21. Nf8+
Kc7 22. Nxe6+ Kb6 23. Nd8 Bxh1 24. exd4 Rxc1 25. Qe6 Kc7 26. Nf7 Bf8 27. Qe5+
Kd7 28. Qxb8 Ke7 29. Ne5 Bh6 30. Qxb5 Kf6 31. g4 Bf4 32. g5+ Kf5 33. g6 Rc2 34.
Nf3+ Kxg6 35. Qa4 Rb2 36. Qd1 Bg2 37. Qg1 Kf5 38. Qxg2 Ke4 39. Qg6+ Kd5 40. Qf5+
Kc4 41. Qxf4 Kb3 42. h5 Ra2 43. h6 Ra7 44. Qe4 Rh7 45. Qxh7 Kc4 46. Qe4 Kb3 47.
Qb1+ Kc4 48. h7 Kd5 49. h8=Q Kc4 50. Qc8+ Kd5 51. Qbf5+ Kd6 52. Qa6+ 1-0

[Event "Challenge"]
[Site "http://www.queenalice.com/game.php?id=941882"]
[Date "2011.5.24"]
[Round "-"]
[White "elena"]
[Black "CHUVARJ"]
[Result "1-0"]
[WhiteElo "1900"]
[BlackElo "1216"]

1. e4 b6 2. d4 Nc6 3. d5 Nb4 4. c3 Na6 5. Nd2 e6 6. Bc4 exd5 7. exd5 c6 8. Qe2+
Be7 9. d6 b5 10. Bb3 b4 11. c4 Nc5 12. dxe7 Nxe7 13. Ngf3 Kf8 14. Bc2 d6 15. Ne4
Bf5 16. Nxc5 dxc5 17. Bxf5 Nxf5 18. O-O f6 19. Be3 Nd4 20. Qd1 Qe7 21. Nxd4 cxd4
22. Qxd4 c5 23. Qxc5 Qxc5 24. Bxc5+ Kf7 25. Bxb4 Rac8 26. c5 h5 27. Rad1 Rhd8
28. Rxd8 Rxd8 29. Re1 Rd4 30. a3 Rc4 31. g3 Rc2 32. Bc3 a6 33. c6 Rd2 34. Bxd2
1-0